[Event "36th Olympiad w"]
[Site "Calvia ESP"]
[Date "2004.10.23"]
[Round "8"]
[White "Gonzalez Perez,L"]
[Black "Smith,O"]
[Result "1-0"]
[WhiteElo "2152"]
[BlackElo "1831"]
[EventDate "2004.10.15"]

1. d4 Nf6 2. Nf3 d5 3. g3 Bf5 4. Bg2 e6 5. O-O c5 6. c4 Nc6 7. cxd5 Nxd5 8.
Nc3 cxd4 9. Nxd4 Nxd4 10. Qxd4 Nxc3 11. Qxc3 Rc8 12. Qb3 Qb6 13. Qa4+ Ke7
14. Rd1 e5 15. b3 f6 16. Bd5 Bd7 17. Ba3+ Ke8 18. Bf7+ Kxf7 19. Qxd7+ 1-0

[Event "36th Olympiad w"]
[Site "Calvia ESP"]
[Date "2004.10.23"]
[Round "8"]
[White "Leite,C"]
[Black "Llaneza Vega,P"]
[Result "1/2-1/2"]
[WhiteElo "2236"]
[BlackElo "2181"]
[EventDate "2004.10.15"]

1. e4 c5 2. Nc3 Nc6 3. g3 g6 4. Bg2 Bg7 5. d3 d6 6. Be3 e6 7. Qd2 Nge7 8.
Bh6 Bxh6 9. Qxh6 Nd4 10. Rc1 Nec6 11. Nge2 Qb6 12. Nxd4 Nxd4 13. Nd1 Qa6
14. a3 Bd7 15. Qd2 O-O-O 16. Rb1 Kb8 17. O-O h5 18. b4 cxb4 19. axb4 h4 20.
c3 Nb5 21. Ne3 hxg3 22. hxg3 Qb6 23. c4 Nd4 24. c5 dxc5 25. Nc4 Qc7 26.
bxc5 Qxc5 27. Rb2 e5 28. Rfb1 Bc6 29. Qg5 Rde8 30. Qf6 Qe7 31. Qxe7 Rxe7
32. f4 f6 33. Ne3 exf4 34. gxf4 f5 35. e5 Rh4 36. Bxc6 Nxc6 37. Nd5 Reh7
38. Kf2 Rh2+ 39. Kg1 Rh1+ 40. Kg2 Rxb1 41. Rxb1 Rd7 42. Nf6 Rxd3 43. Rh1 a5
44. Rh7 Rd8 45. Nd7+ Ka7 46. Nc5 Rd2+ 47. Kg3 Rb2 48. e6 Rb5 49. Nd7 Rb3+
50. Kh4 Re3 51. Nc5 Kb6 52. Nd7+ Kb5 53. Nf8 b6 54. Kg5 a4 55. Kf6 a3 56.
Rh2 Kb4 57. Nxg6 Nd4 58. Ne5 Nxe6 59. Kxe6 Kb3 60. Kxf5 a2 61. Rh1 b5 62.
Nc6 Kb2 63. Rh2+ Kb1 64. Rh1+ Kb2 65. Rh2+ Kb1 66. Rh1+ 1/2-1/2

[Event "36th Olympiad w"]
[Site "Calvia ESP"]
[Date "2004.10.23"]
[Round "8"]
[White "Trujillo Delgado,D"]
[Black "Pintor,A"]
[Result "1-0"]
[WhiteElo "2155"]
[BlackElo "2058"]
[EventDate "2004.10.15"]

1. e4 c6 2. d4 d5 3. Nc3 dxe4 4. Nxe4 Bf5 5. Ng3 Bg6 6. N1e2 e6 7. h4 h6 8.
Nf4 Bh7 9. Bd3 Qxd4 10. Be3 Qd7 11. Qe2 Bxd3 12. Nxd3 Bd6 13. O-O-O Nf6 14.
Nc5 Qc7 15. Nxb7 Qxb7 16. Rxd6 O-O 17. c4 Nbd7 18. Rhd1 c5 19. Nh5 Rab8 20.
Bxh6 Nxh5 21. Rxd7 Qb4 22. Bg5 a5 23. R1d2 g6 24. g4 Ng7 25. Bh6 Rb7 26.
Qe5 f6 27. Rxg7+ Rxg7 28. Qxe6+ Rff7 29. Bxg7 Kxg7 30. h5 gxh5 31. gxh5 Qb7
32. Rd5 Re7 33. Qg4+ Kf7 34. Qg6+ Ke6 35. f4 Rd7 36. f5+ Ke7 37. Qg7+ 1-0

[Event "36th Olympiad w"]
[Site "Calvia ESP"]
[Date "2004.10.23"]
[Round "8"]
[White "Baptista,A"]
[Black "Gutierrez Castillo,P"]
[Result "0-1"]
[WhiteElo "2042"]
[BlackElo "2119"]
[EventDate "2004.10.15"]

1. e4 e5 2. Nf3 Nc6 3. Bb5 Nf6 4. O-O Nxe4 5. Re1 Nd6 6. Nxe5 Be7 7. Bf1
O-O 8. d4 Nxe5 9. Rxe5 Bf6 10. Re1 Nf5 11. c3 d5 12. Bd3 c6 13. Nd2 Nd6 14.
Qc2 g6 15. Nf3 Bf5 16. Bxf5 Nxf5 17. Bf4 Nd6 18. Be5 Ne4 19. Bxf6 Qxf6 20.
Ne5 Rfe8 21. Re3 Qg5 22. Rae1 f6 23. Nd3 Kf7 24. Qb3 Nd6 25. Qb4 Rxe3 26.
Rxe3 Rd8 27. Nc5 Qf5 28. h3 Qc8 29. Ne6 Rd7 30. Nf4 Nc4 31. Re2 g5 32. Nh5
Qc7 33. Qb3 Re7 34. Qc2 Kf8 35. Nxf6 Rxe2 36. Qxe2 Qf7 37. Ng4 Qf5 38. b3
Nd6 39. Nh6 Qf6 40. Qh5 Ne4 41. Ng4 Qg6 42. Qxg6 hxg6 43. c4 Nc3 44. cxd5
cxd5 45. Ne3 Nxa2 46. Nc2 Ke7 47. Kf1 Ke6 48. Ke1 Nc3 49. Kd2 Ne4+ 50. Ke3
a5 51. Na3 Nd6 52. Nb1 Nf5+ 53. Kd3 Kd6 54. Nc3 Kc6 55. g3 b5 56. Na2 Nd6
57. Nc3 Nc8 58. h4 gxh4 59. gxh4 Nd6 60. Ke3 Nf5+ 61. Kf4 Nxh4 62. Kg5 Nf3+
63. Kxg6 Nxd4 64. f4 Nxb3 65. f5 Nc5 66. f6 Nd7 67. f7 d4 68. Ne2 d3 69.
Nd4+ Kc5 70. Kf5 Kxd4 71. Ke6 Nf8+ 72. Ke7 d2 73. Kxf8 d1=Q 74. Ke7 Qf3 0-1

[Event "36th Olympiad w"]
[Site "Calvia ESP"]
[Date "2004.10.23"]
[Round "8"]
[White "Skripchenko,A"]
[Black "Koneru,H"]
[Result "1/2-1/2"]
[WhiteElo "2474"]
[BlackElo "2503"]
[EventDate "2004.10.15"]

1. e4 c5 2. Nf3 e6 3. Nc3 a6 4. g3 b5 5. Bg2 Bb7 6. d3 d6 7. Ng5 Be7 8. f4
Nf6 9. O-O Nc6 10. Bh3 Nd4 11. Ne2 h6 12. Nf3 Nxf3+ 13. Rxf3 Qb6 14. a4 h5
15. axb5 axb5 16. Rxa8+ Bxa8 17. Bg2 h4 18. gxh4 Rxh4 19. Qe1 Rh7 20. Ng3
Bc6 21. h3 Kd7 22. Rf1 Rh8 23. Be3 Ra8 24. Qd2 Qa5 25. Qf2 Qa2 26. Bc1 Kc7
27. e5 Bxg2 28. Qxg2 Nd7 29. exd6+ Bxd6 30. f5 Re8 31. Ne4 Be5 32. fxe6
Qxe6 33. Ng5 Bd4+ 34. Kh1 Qe2 35. c3 Qxg2+ 36. Kxg2 Bf6 37. Nxf7 Re2+ 38.
Rf2 Re1 39. Bf4+ Kc6 40. Bg3 Rd1 41. d4 cxd4 42. cxd4 Rxd4 43. Rc2+ Rc4 44.
Rd2 Rd4 45. Rc2+ 1/2-1/2

[Event "36th Olympiad w"]
[Site "Calvia ESP"]
[Date "2004.10.23"]
[Round "8"]
[White "Milliet,S"]
[Black "Mohota,N"]
[Result "1/2-1/2"]
[WhiteElo "2299"]
[BlackElo "2286"]
[EventDate "2004.10.15"]

1. e4 c5 2. c3 d5 3. exd5 Qxd5 4. d4 Nf6 5. Nf3 e6 6. Bd3 Nc6 7. O-O cxd4
8. cxd4 Be7 9. Nc3 Qd6 10. Be3 O-O 11. a3 b6 12. Qe2 Bb7 13. Rad1 Rad8 14.
Bg5 g6 15. Bb1 Qb8 16. h3 Rfe8 17. Ba2 Nd5 18. Nxd5 exd5 19. Qd2 Bxg5 20.
Nxg5 Kg7 21. Rfe1 Qd6 22. Re3 Na5 23. Rde1 Nc4 24. Bxc4 Rxe3 25. Qxe3 dxc4
26. Qe7 Bd5 27. Qxa7 h6 28. Nf3 Rd7 29. Qa4 Bxf3 30. gxf3 Qxd4 31. Re4 Qd1+
32. Qxd1 Rxd1+ 33. Kg2 Rc1 34. Re5 Rb1 35. Re4 b5 36. a4 Rxb2 37. axb5 c3
38. Rc4 Rxb5 39. Rxc3 1/2-1/2

[Event "36th Olympiad w"]
[Site "Calvia ESP"]
[Date "2004.10.23"]
[Round "8"]
[White "Zhukova,N"]
[Black "Cramling,P"]
[Result "1/2-1/2"]
[WhiteElo "2481"]
[BlackElo "2477"]
[EventDate "2004.10.15"]

1. d4 Nf6 2. Nf3 d5 3. c4 c6 4. Nc3 dxc4 5. a4 Bf5 6. Ne5 Na6 7. e3 Nb4 8.
Bxc4 e6 9. O-O Bd6 10. Qe2 Nc2 11. Rb1 Bxe5 12. dxe5 Ng4 13. Ne4 Bxe4 14.
Qxg4 Bg6 15. b4 Qe7 16. Ba2 a5 17. bxa5 Rxa5 18. Rb2 O-O 19. Bb1 h5 20. Qf4
Na3 21. Bxg6 fxg6 22. Qe4 Rfa8 23. Rb4 c5 24. Rxb7 Qe8 25. Bxa3 Rxa4 26.
Qc2 Rxa3 27. Qxc5 Ra1 28. g3 Rc8 29. Qe7 Qxe7 30. Rxe7 Rxf1+ 31. Kxf1 Rc6
32. Kg2 Kf8 33. Rd7 Rc5 34. f4 Rc2+ 35. Kh3 Re2 36. Ra7 Rb2 37. e4 Re2 38.
Ra5 Kf7 39. Kh4 Rxh2+ 40. Kg5 Rg2 41. Ra7+ Kf8 42. Kxg6 Rxg3+ 43. Kxh5 g6+
44. Kh4 Rg1 45. Ra3 Kf7 46. Rg3 Re1 47. Kg5 Kg7 48. Rg2 Kf7 49. Kg4 Rxe4
50. Ra2 Re3 51. Ra7+ Kf8 52. Kg5 Re4 53. Rh7 Ra4 54. Rh6 Kf7 55. Rh7+ Kf8
56. Rb7 Re4 57. Kf6 Rxf4+ 58. Kxe6 g5 59. Rb3 1/2-1/2

[Event "36th Olympiad w"]
[Site "Calvia ESP"]
[Date "2004.10.23"]
[Round "8"]
[White "Agrest,S"]
[Black "Gaponenko,I"]
[Result "1/2-1/2"]
[WhiteElo "2238"]
[BlackElo "2445"]
[EventDate "2004.10.15"]

1. e4 c5 2. c3 d5 3. exd5 Qxd5 4. d4 cxd4 5. cxd4 Nc6 6. Nf3 e5 7. Nc3 Bb4
8. a3 Bxc3+ 9. bxc3 Nge7 10. dxe5 Qxd1+ 11. Kxd1 Bg4 12. Be2 O-O-O+ 13. Kc2
Ng6 14. Be3 Rhe8 15. Rhd1 Rxd1 16. Bxd1 Ngxe5 17. Nxe5 Bxd1+ 18. Rxd1 Rxe5
19. c4 Re4 20. Kc3 b6 21. h3 h5 22. Rd5 g6 23. Rd2 Kc7 24. g3 Ne7 25. Rd4
Rxd4 26. Bxd4 Kd6 27. g4 hxg4 28. hxg4 Nc6 29. Bf6 Ke6 30. g5 Kf5 31. a4
Ke6 32. Kd3 Kd6 33. Bg7 Ne5+ 34. Bxe5+ Kxe5 35. Ke3 f6 36. gxf6 Kxf6 37.
Kd4 Ke6 38. c5 bxc5+ 39. Kxc5 Ke5 40. a5 Ke4 41. a6 g5 42. Kc6 Kf3 43. Kb7
Kxf2 44. Kxa7 g4 45. Kb8 g3 46. a7 g2 1/2-1/2

[Event "36th Olympiad w"]
[Site "Calvia ESP"]
[Date "2004.10.23"]
[Round "8"]
[White "Lahno,Kateri"]
[Black "Johansson,V"]
[Result "1-0"]
[WhiteElo "2435"]
[BlackElo "2189"]
[EventDate "2004.10.15"]

1. e4 c5 2. Nf3 Nc6 3. d4 cxd4 4. Nxd4 g6 5. c4 Bg7 6. Be3 Nf6 7. Nc3 Ng4
8. Qxg4 Nxd4 9. Qd1 Ne6 10. Qd2 Qa5 11. Be2 b6 12. O-O Bb7 13. f3 d6 14.
Rac1 g5 15. a3 h5 16. Rc2 h4 17. Rd1 Kf8 18. c5 bxc5 19. b4 cxb4 20. Nb5
Be5 21. axb4 Qd8 22. Nxa7 Nf4 23. Bf1 Kg7 24. b5 f6 25. b6 h3 26. g3 Nh5
27. Qf2 d5 28. exd5 Bxd5 29. b7 Bxg3 30. hxg3 Nxg3 31. Qxg3 h2+ 32. Rxh2
1-0

[Event "36th Olympiad w"]
[Site "Calvia ESP"]
[Date "2004.10.23"]
[Round "8"]
[White "Javakhishvili,L"]
[Black "Velikhanli,F"]
[Result "1/2-1/2"]
[WhiteElo "2423"]
[BlackElo "2322"]
[EventDate "2004.10.15"]

1. d4 Nf6 2. c4 g6 3. Nc3 Bg7 4. e4 d6 5. Nf3 O-O 6. Be2 Bg4 7. Be3 Nfd7 8.
Ng1 Bxe2 9. Ngxe2 c5 10. f3 a6 11. Qd2 cxd4 12. Nxd4 Nc6 13. O-O Rc8 14. b3
Qa5 15. Rac1 Nxd4 16. Bxd4 Bxd4+ 17. Qxd4 Qc5 18. Qf2 Kg7 19. Rfd1 Qxf2+
20. Kxf2 h5 21. Nd5 Rfe8 22. b4 Ne5 23. Nb6 Rc6 24. c5 dxc5 25. bxc5 Rc7
26. f4 Nc6 27. Nd5 Rcc8 28. Ke3 e6 29. Nb6 Rc7 30. Nc4 Ree7 31. Nd6 Kf8 32.
h3 Na5 33. g4 h4 34. f5 exf5 35. gxf5 Nc6 36. fxg6 fxg6 37. Rd5 Kg7 38. Rg1
Re6 39. a3 Ne5 40. Nf5+ Kh7 41. Nxh4 Nc4+ 42. Kd3 Nxa3 43. Rd6 Rc6 44. Rxc6
Rxc6 45. Nf3 Rxc5 46. h4 Nb5 47. e5 Nc7 1/2-1/2

[Event "36th Olympiad w"]
[Site "Calvia ESP"]
[Date "2004.10.23"]
[Round "8"]
[White "Shukurova,M"]
[Black "Lomineishvili,M"]
[Result "1/2-1/2"]
[WhiteElo "2281"]
[BlackElo "2429"]
[EventDate "2004.10.15"]

1. e4 c5 2. Nf3 Nc6 3. Bb5 g6 4. Bxc6 dxc6 5. d3 Bg7 6. Nc3 Nf6 7. Be3 b6
8. h3 O-O 9. O-O Nd7 10. Nh2 e5 11. Qd2 Re8 12. f4 exf4 13. Bxf4 Ne5 14.
Kh1 a5 15. a4 Ra7 16. Nf3 Nxf3 17. Rxf3 c4 18. Re1 cxd3 19. Rxd3 Rd7 20. e5
Rxd3 21. cxd3 f6 22. exf6 Rxe1+ 23. Qxe1 Bxf6 24. Qe4 Bd7 25. Be5 Qe7 26.
d4 Kg7 27. Qf4 Bxe5 28. dxe5 Qf7 29. Qd4 c5 30. Qd6 Qf1+ 1/2-1/2

[Event "36th Olympiad w"]
[Site "Calvia ESP"]
[Date "2004.10.23"]
[Round "8"]
[White "Peng Zhaoqin"]
[Black "Borsuk,A"]
[Result "0-1"]
[WhiteElo "2420"]
[BlackElo "2306"]
[EventDate "2004.10.15"]

1. d4 d6 2. c4 e5 3. Nc3 exd4 4. Qxd4 Nc6 5. Qd2 Nf6 6. b3 g6 7. Bb2 Bg7 8.
g3 O-O 9. Bg2 Ne5 10. Nh3 a5 11. Nf4 a4 12. Rd1 Nfd7 13. O-O axb3 14. axb3
Nc5 15. Qc2 Bf5 16. e4 Bg4 17. f3 Bd7 18. Kh1 Nc6 19. Nfe2 Nb4 20. Qb1 Ra6
21. Nd5 Nxd5 22. Rxd5 Be6 23. Bxg7 Kxg7 24. Rd4 Qf6 25. b4 Nd7 26. f4 Rfa8
27. e5 Qe7 28. exd6 cxd6 29. Qe4 Qf6 30. h3 Bf5 31. Qxb7 Ra2 32. Qxa8 Rxa8
33. Bxa8 Bxh3 34. Bg2 Bg4 35. Bf3 Qe6 36. Bxg4 Qxg4 37. Rf2 Nf6 38. Kg1 Qf5
39. Rxd6 Qb1+ 40. Rf1 Qxb4 41. Rd4 Qb2 42. Re1 Ng4 43. f5 Ne3 44. fxg6 hxg6
45. Re4 Qb6 46. Nd4 Nf5 47. Rd1 Nxg3 48. Re3 Nh5 49. Kf2 Nf6 50. Ke2 Qb4
51. Kd3 Nd7 52. Nc2 Qb3+ 53. Kd2 Qxc4 54. Rde1 Nc5 55. Re7 Nb3+ 0-1

[Event "36th Olympiad w"]
[Site "Calvia ESP"]
[Date "2004.10.23"]
[Round "8"]
[White "Botvinnik,Ir"]
[Black "Bosboom Lanchava,T"]
[Result "0-1"]
[WhiteElo "2239"]
[BlackElo "2352"]
[EventDate "2004.10.15"]

1. c4 e5 2. Nc3 Nf6 3. g3 d5 4. cxd5 Nxd5 5. Bg2 Nb6 6. Nf3 Nc6 7. O-O Be7
8. d3 Be6 9. a3 a5 10. b3 Nd4 11. Nd2 Nd5 12. Bb2 O-O 13. e3 Nc6 14. Nb5
Qd7 15. Rc1 Bg4 16. Qc2 Rac8 17. Nc4 Rfd8 18. Bxe5 f6 19. Bc3 Nxc3 20. Nxc3
Qxd3 21. Qxd3 Rxd3 22. Be4 Rdd8 23. Nb5 Bd7 24. Rfd1 Be8 25. Rxd8 Bxd8 26.
Bxc6 bxc6 27. Nd4 Be7 28. Nf5 Bf8 29. Nxa5 Bxa3 30. Rc2 Bd7 31. e4 g6 32.
Ne3 Rb8 33. Kg2 Bd6 34. Nec4 Bb4 35. e5 Rb5 36. Ra2 fxe5 37. Kf3 Be6 38.
Ra4 Bd5+ 39. Ke3 Kg7 40. Kd3 Kf6 41. Ke3 e4 42. Ke2 Kg5 43. h4+ Kf6 44. Ke3
c5 45. Ra1 Ke6 46. Ra4 Rb8 47. Nd2 Rf8 48. Nac4 Bc3 49. Ra6+ Kf5 50. Ke2 c6
51. Ne3+ Ke5 52. Ndc4+ Ke6 53. Nxd5 Kxd5 54. Ne3+ Kd4 55. Rxc6 Ba5 56. Nc4
Bb4 57. Re6 Ra8 58. Rd6+ Kc3 59. Nd2 Ra2 60. Ke3 Rc2 61. Rd7 h5 62. Rd6 Ba3
63. Nxe4+ Kxb3 64. Rb6+ Bb4 65. Rxg6 c4 66. Rg5 Rc1 67. Rxh5 Re1+ 68. Kf3
Rxe4 69. Kxe4 c3 70. Rf5 c2 71. h5 c1=Q 72. g4 Qc6+ 73. Ke3 Kc2 74. f3 Bd2+
75. Kf2 Qd6 76. Kg2 Be1 77. f4 Qd2+ 78. Kf3 Qd3+ 79. Kg2 0-1

[Event "36th Olympiad w"]
[Site "Calvia ESP"]
[Date "2004.10.23"]
[Round "8"]
[White "Muhren,B"]
[Black "Igla,B"]
[Result "0-1"]
[WhiteElo "2343"]
[BlackElo "2196"]
[EventDate "2004.10.15"]

1. e4 c5 2. Nf3 e6 3. d4 cxd4 4. Nxd4 a6 5. Bd3 Nf6 6. O-O e5 7. Nf3 d6 8.
Nc3 Be7 9. a4 O-O 10. Bg5 Be6 11. Bxf6 Bxf6 12. Nd2 Nd7 13. Nc4 Nb6 14. Qe2
Rc8 15. Ne3 Bg5 16. Rad1 g6 17. g3 Bh3 18. Ng2 Qd7 19. a5 Na4 20. Nd5 Be6
21. f4 Bxd5 22. exd5 exf4 23. gxf4 Bf6 24. c3 Nc5 25. Bb1 Nb3 26. Ne3 Nxa5
27. Ng4 Bg7 28. f5 h5 29. Ne3 Qe7 30. Qd3 Qg5+ 31. Kh1 Rfe8 32. Rf3 Bh6 33.
Ng2 Rc4 34. fxg6 f6 35. Rg1 Rce4 36. Qf1 Rg4 37. Rxf6 Nc4 38. Re6 Rf8 39.
Re8 Qxd5 40. Rxf8+ Bxf8 41. Ba2 b5 42. Qf2 Rxg6 43. Rf1 Bg7 44. Bb1 Rg5 45.
Re1 Be5 46. Be4 Qf7 47. Qh4 Rg4 48. Qh3 Rxe4 49. Rg1 Rg4 50. b3 Nd2 51. Qe3
Ne4 52. Re1 Qf2 53. Qxf2 Nxf2+ 54. Kg1 Nd3 0-1

[Event "36th Olympiad w"]
[Site "Calvia ESP"]
[Date "2004.10.23"]
[Round "8"]
[White "Foisor,C"]
[Black "Maric,A"]
[Result "1/2-1/2"]
[WhiteElo "2436"]
[BlackElo "2418"]
[EventDate "2004.10.15"]

1. c4 e6 2. Nc3 Nf6 3. d4 Bb4 4. Qc2 O-O 5. Nf3 c5 6. dxc5 Na6 7. g3 Nxc5
8. Bg2 Nce4 9. Bd2 Nxd2 10. Nxd2 d5 11. a3 Bxc3 12. Qxc3 b6 13. b4 Bb7 14.
Qb2 Rc8 15. Rc1 Qe7 16. O-O dxc4 17. Bxb7 Qxb7 18. Nxc4 Rfd8 19. b5 Ne4 20.
f3 Nc5 21. Rfd1 Qe7 22. Kg2 f6 23. Qb4 Rxd1 24. Rxd1 Rd8 25. Rd2 Rd7 26. a4
Rxd2 27. Nxd2 Qd7 28. a5 1/2-1/2

[Event "36th Olympiad w"]
[Site "Calvia ESP"]
[Date "2004.10.23"]
[Round "8"]
[White "Bojkovic,N"]
[Black "Peptan,C"]
[Result "1/2-1/2"]
[WhiteElo "2398"]
[BlackElo "2429"]
[EventDate "2004.10.15"]

1. e4 c5 2. Nf3 d6 3. d4 cxd4 4. Nxd4 Nf6 5. Nc3 Bd7 6. Bg5 e6 7. Qd2 a6 8.
f3 Be7 9. O-O-O b5 10. Be3 O-O 11. g4 Nc6 12. g5 Ne8 13. Nxc6 Bxc6 14. Bd3
Nc7 15. Ne2 e5 16. Ng3 d5 17. h4 d4 18. Bf2 f6 19. gxf6 Rxf6 20. Be2
1/2-1/2

[Event "36th Olympiad w"]
[Site "Calvia ESP"]
[Date "2004.10.23"]
[Round "8"]
[White "Motoc,A"]
[Black "Benderac,A"]
[Result "0-1"]
[WhiteElo "2359"]
[BlackElo "2299"]
[EventDate "2004.10.15"]

1. d4 Nf6 2. c4 e6 3. Nc3 Bb4 4. e3 Bxc3+ 5. bxc3 c5 6. Bd3 Nc6 7. Nf3 d6
8. e4 e5 9. d5 Ne7 10. Nh4 h6 11. O-O g5 12. Nf5 Nxf5 13. exf5 e4 14. Re1
Bxf5 15. f3 O-O 16. fxe4 Bg4 17. Qc2 Nd7 18. h3 Bh5 19. e5 Nxe5 20. Rxe5
dxe5 21. g4 e4 22. Bxe4 f5 23. Bxf5 Qd6 24. Qd3 Rxf5 25. gxf5 Re8 26. f6
Re1+ 27. Kf2 Re2+ 28. Qxe2 Qh2+ 0-1

[Event "36th Olympiad w"]
[Site "Calvia ESP"]
[Date "2004.10.23"]
[Round "8"]
[White "Caoili,A"]
[Black "Reizniece,D"]
[Result "0-1"]
[WhiteElo "2250"]
[BlackElo "2278"]
[EventDate "2004.10.15"]

1. d4 Nf6 2. Nf3 c5 3. d5 e6 4. Nc3 b5 5. Bg5 b4 6. Ne4 Bb7 7. Bxf6 gxf6 8.
c4 f5 9. Ng3 d6 10. e4 Qf6 11. Qc2 Nd7 12. Bd3 f4 13. Ne2 Rg8 14. Rg1 Bg7
15. Rb1 Nb6 16. dxe6 O-O-O 17. e5 dxe5 18. Bxh7 e4 19. Bxe4 Bxe4 20. Qxe4
Rge8 21. Qxf4 Qxe6 22. Qe3 Qf5 23. Qc1 Qd3 0-1

[Event "36th Olympiad w"]
[Site "Calvia ESP"]
[Date "2004.10.23"]
[Round "8"]
[White "Erneste,I"]
[Black "Sorokina,A"]
[Result "0-1"]
[WhiteElo "2310"]
[BlackElo "2199"]
[EventDate "2004.10.15"]

1. e4 c5 2. Nf3 e6 3. d4 cxd4 4. Nxd4 Nf6 5. Nc3 Nc6 6. Ndb5 d6 7. Bf4 e5
8. Bg5 a6 9. Na3 b5 10. Nd5 Qa5+ 11. Bd2 Qd8 12. c4 Nxe4 13. cxb5 Be6 14.
Bc4 Ne7 15. Be3 Rc8 16. Nb6 d5 17. Nxc8 Nxc8 18. Bd3 Qa5+ 19. Kf1 Bxa3 20.
bxa3 O-O 21. bxa6 f5 22. f3 d4 23. Bg1 Ned6 24. Be2 Nc4 25. g3 N8d6 26. Kg2
Nb5 27. Bxc4 Bxc4 28. Rc1 Nxa3 29. Bf2 Qd5 30. Qd2 Bxa2 0-1

[Event "36th Olympiad w"]
[Site "Calvia ESP"]
[Date "2004.10.23"]
[Round "8"]
[White "Eriksson,I"]
[Black "Berzina,I"]
[Result "0-1"]
[WhiteElo "2098"]
[BlackElo "2240"]
[EventDate "2004.10.15"]

1. e4 e5 2. Nf3 Nc6 3. Nc3 Nf6 4. Bc4 Nxe4 5. Bxf7+ Kxf7 6. Nxe4 d5 7.
Nfg5+ Kg8 8. Qf3 Qd7 9. Ng3 h6 10. Nh3 Nb4 11. Qc3 Qf7 12. d3 Nc6 13. a3
Bxh3 14. gxh3 Nd4 15. f4 Nf3+ 16. Kd1 exf4 17. Ne2 Bd6 18. d4 Ng5 19. Rf1
f3 20. Ng3 Rf8 21. Be3 Bxg3 22. hxg3 Ne4 23. Qd3 Nxg3 24. Rf2 Ne4 25. Rf1
Qh5 26. c3 f2+ 27. Kc2 Rf3 0-1

[Event "36th Olympiad w"]
[Site "Calvia ESP"]
[Date "2004.10.23"]
[Round "8"]
[White "Dembo,Y"]
[Black "Repkova,E"]
[Result "1/2-1/2"]
[WhiteElo "2396"]
[BlackElo "2410"]
[EventDate "2004.10.15"]

1. e4 d5 2. exd5 Qxd5 3. Nc3 Qa5 4. d4 c6 5. Nf3 Nf6 6. Bc4 Bf5 7. Bd2 e6
8. Nd5 Qd8 9. Nxf6+ gxf6 10. Bb3 Nd7 11. Qe2 Qc7 12. Nh4 Bg6 13. O-O-O
O-O-O 14. g3 Bd6 15. Nxg6 hxg6 16. h4 c5 17. Be3 Nb6 18. c4 cxd4 19. Bxd4
e5 20. Be3 Bc5 21. Kb1 Qc6 22. f3 Kb8 23. Bxc5 Qxc5 24. Rd3 Rxd3 25. Qxd3
Rc8 26. Rc1 a5 27. a3 Ka7 28. g4 Rc6 29. h5 gxh5 30. gxh5 e4 1/2-1/2

[Event "36th Olympiad w"]
[Site "Calvia ESP"]
[Date "2004.10.23"]
[Round "8"]
[White "Pokorna,Reg"]
[Black "Botsari,A"]
[Result "1-0"]
[WhiteElo "2370"]
[BlackElo "2362"]
[EventDate "2004.10.15"]

1. e4 c5 2. Nf3 Nc6 3. d4 cxd4 4. Nxd4 Qc7 5. c4 Nf6 6. Nc3 Nxe4 7. Nxe4
Qe5 8. Nb5 Qxe4+ 9. Be2 Qe5 10. f4 Qb8 11. O-O a6 12. Nc3 Qa7+ 13. Kh1 e6
14. f5 Be7 15. Bd3 Ne5 16. Be4 d6 17. fxe6 Bxe6 18. Nd5 Bxd5 19. Qxd5 O-O
20. Qxb7 Nxc4 21. Qb3 Rac8 22. Qh3 g6 23. Bh6 Nxb2 24. Bxf8 Rxf8 25. Qc3
Na4 26. Qc4 Nb6 27. Qd4 Nc8 28. Qxa7 Nxa7 29. Rac1 Nb5 30. a4 Nd4 31. Rc7
Re8 32. Bd5 Ne6 33. Ra7 Nd8 34. Re1 Ne6 35. Bxe6 fxe6 36. Rxe6 Kf7 37. Rxd6
a5 38. g3 Rc8 39. Rdd7 Rc1+ 40. Kg2 Re1 41. Rxa5 Ke6 42. Rb7 Re2+ 43. Kf3
Rxh2 44. Ra6+ Bd6 45. a5 Rd2 46. Ke3 Rd5 47. Rxh7 Ke5 48. Ra8 Bc5+ 49. Ke2
Kd4 50. a6 Re5+ 51. Kf3 Re3+ 52. Kg2 Re2+ 53. Kh3 1-0

[Event "36th Olympiad w"]
[Site "Calvia ESP"]
[Date "2004.10.23"]
[Round "8"]
[White "Makropoulou,M"]
[Black "Hagarova,Z"]
[Result "1/2-1/2"]
[WhiteElo "2270"]
[BlackElo "2351"]
[EventDate "2004.10.15"]

1. e4 c5 2. Nf3 Nc6 3. Bb5 d6 4. c3 Nf6 5. Qe2 Bd7 6. d4 cxd4 7. cxd4 a6 8.
Bxc6 Bxc6 9. d5 Bb5 10. Qe3 a5 11. Nc3 Ba6 12. a4 g6 13. Nb5 Bg7 14. O-O
O-O 15. Re1 Rc8 16. Qb3 Nd7 17. Bd2 Nc5 18. Qa3 Bxb5 19. axb5 Qd7 20. b6 a4
21. Bc3 Bxc3 22. bxc3 Nb3 23. Qxa4 Qxa4 24. Rxa4 Rxc3 25. Ra3 Rfc8 26. h4
h5 27. Kh2 Nc1 28. Ra7 Rb8 29. e5 Kf8 30. exd6 exd6 31. Ng5 Rc2 32. Re3
Rxf2 33. Ne4 Rb2 34. Nf6 Kg7 35. Ne8+ Kf8 36. Nf6 Kg7 37. Ne8+ Kf8 1/2-1/2

[Event "36th Olympiad w"]
[Site "Calvia ESP"]
[Date "2004.10.23"]
[Round "8"]
[White "Jackova,J"]
[Black "Paridar,S"]
[Result "1-0"]
[WhiteElo "2408"]
[BlackElo "2242"]
[EventDate "2004.10.15"]

1. e4 c5 2. Nf3 Nc6 3. Bb5 g6 4. O-O Bg7 5. Re1 e5 6. b4 Nxb4 7. Bb2 a6 8.
a3 axb5 9. axb4 Rxa1 10. Bxa1 cxb4 11. Bxe5 Bxe5 12. Nxe5 Nf6 13. Nd3 Qe7
14. Qf3 O-O 15. e5 Nh5 16. Qd5 Qg5 17. Qxb5 d6 18. Qxb4 Bh3 19. Qxb7 d5 20.
Qxd5 Rd8 21. Qf3 Bf5 22. Qe3 Qh4 23. Nc3 Rd4 24. g3 Qd8 25. Nc5 Rxd2 26. e6
fxe6 27. Nxe6 Bxe6 28. Qxe6+ Kf8 29. Re3 Rxc2 30. Rf3+ Kg7 31. Rf7+ Kh8 32.
Qe5+ Kg8 33. Re7 Rc1+ 34. Kg2 Qa8+ 35. Ne4 Rc8 36. Qe6+ Kh8 37. Qf7 1-0

[Event "36th Olympiad w"]
[Site "Calvia ESP"]
[Date "2004.10.23"]
[Round "8"]
[White "Pourkashiyan,A"]
[Black "Sikorova,O"]
[Result "1-0"]
[WhiteElo "2217"]
[BlackElo "2252"]
[EventDate "2004.10.15"]

1. e4 d5 2. exd5 Nf6 3. Bb5+ Bd7 4. Be2 Nxd5 5. d4 Nb6 6. Nf3 Bg4 7. O-O e6
8. a4 a5 9. Bg5 Be7 10. Bxe7 Qxe7 11. h3 Bh5 12. Ne5 Bxe2 13. Qxe2 O-O 14.
c3 N8d7 15. Nd2 Nxe5 16. Qxe5 Rfd8 17. Nb3 Rd5 18. Qe2 Rg5 19. f4 Rg3 20.
f5 Nd5 21. fxe6 fxe6 22. Qf2 Rg5 23. Rae1 b6 24. Qe2 Re8 25. c4 Nf6 26. Nd2
Qb4 27. b3 h6 28. Nf3 Rf5 29. Qe3 Qd6 30. Ne5 Rxf1+ 31. Rxf1 Rd8 32. Nf3
Re8 33. Re1 Qg3 34. Qd2 Nh5 35. Re4 Nf6 36. Re3 Qg6 37. Qe1 Qf7 38. Ne5 Qe7
39. Kh1 Qd6 40. Qh4 Rd8 41. Rg3 Kh7 42. Rd3 Qa3 43. Qg3 Qc1+ 44. Kh2 Qg5
45. Qxg5 hxg5 46. Nf7 Re8 47. Nxg5+ Kg6 48. Nf3 Nh5 49. Re3 Kf6 50. g4 Nf4
51. Kg3 Ng6 52. h4 Ne7 53. Ne5 g6 54. Rf3+ Kg7 55. Rf7+ Kg8 56. Rf6 Rd8 57.
Rxe6 1-0

[Event "36th Olympiad w"]
[Site "Calvia ESP"]
[Date "2004.10.23"]
[Round "8"]
[White "Blazkova,P"]
[Black "Navabi,S"]
[Result "0-1"]
[WhiteElo "2214"]
[BlackElo "2107"]
[EventDate "2004.10.15"]

1. e4 e5 2. d4 exd4 3. Nf3 Bb4+ 4. c3 dxc3 5. Nxc3 Bxc3+ 6. bxc3 Ne7 7. Bc4
O-O 8. O-O d6 9. Bg5 Nbc6 10. Bd5 Bg4 11. h3 Bxf3 12. Qxf3 Qd7 13. Qg3 Nxd5
14. exd5 Ne7 15. c4 f6 16. Bd2 b5 17. Qd3 Rab8 18. Rab1 a6 19. Rfc1 Rfc8
20. c5 Qf5 21. Qxf5 Nxf5 22. cxd6 Nxd6 23. Rc6 Rb6 24. Rbc1 Nc4 25. Bf4
Rxc6 26. dxc6 Rd8 27. Bxc7 Rc8 28. Bf4 Rxc6 29. Rd1 Ne5 30. Rd2 Kf7 31. Kf1
Ke6 32. Ke2 a5 33. h4 b4 34. h5 Rc4 35. g3 a4 36. Rb2 Kd5 37. Be3 Kc6 38.
Kd1 Nd3 39. Rd2 Ne5 40. h6 gxh6 41. Bxh6 b3 42. axb3 axb3 43. Bf8 Kb5 44.
Ba3 Ra4 45. Bb2 Nc4 46. Re2 Nxb2+ 47. Rxb2 Kc4 48. Rb1 Ra2 49. Rc1+ Kd3 50.
f4 b2 0-1

[Event "36th Olympiad w"]
[Site "Calvia ESP"]
[Date "2004.10.23"]
[Round "8"]
[White "Nguyen Thi Thanh An"]
[Black "Mongontuul,B"]
[Result "0-1"]
[WhiteElo "2345"]
[BlackElo "2345"]
[EventDate "2004.10.15"]

1. Nf3 c5 2. c4 Nf6 3. Nc3 g6 4. e4 d6 5. Be2 Bg7 6. d4 O-O 7. O-O cxd4 8.
Nxd4 Nc6 9. Be3 Nxd4 10. Bxd4 Be6 11. Rc1 Qa5 12. Kh1 Rfc8 13. b3 a6 14. f4
b5 15. f5 Bd7 16. fxg6 hxg6 17. Bxf6 Bxf6 18. Rxf6 exf6 19. Nd5 Be6 20.
Nxf6+ Kg7 21. Qd4 bxc4 22. Nh5+ Kf8 23. Qh8+ Ke7 24. Qf6+ Kd7 25. Bg4 Bxg4
26. Qxf7+ Kc6 27. Nf6 Rc7 28. Rxc4+ Kb7 29. Rxc7+ Qxc7 30. Qxc7+ Kxc7 31.
Nxg4 Re8 32. Nf2 d5 33. Kg1 dxe4 34. Kf1 e3 35. Nd3 Kd6 36. Ke2 Kd5 37.
Nb4+ Kd4 38. a4 Rf8 39. Nxa6 Rf2+ 40. Ke1 Rxg2 41. b4 Ke4 42. Nc5+ Kf5 43.
Kd1 e2+ 44. Kd2 Rg1 45. Nd3 Rd1+ 46. Kc2 Rxd3 0-1